TransCOVER - training and guidance modules (methodology and presentation)
Gespeichert in:
| 1. Verfasser: | |
|---|---|
| Weitere Verfasser: | , |
| Format: | Buchkapitel |
| Sprache: | Englisch |
| Schlagworte: | |
| Tags: |
Keine Tags, Fügen Sie das erste Tag hinzu!
|
MARC
| LEADER | 00000naa$a2200000$$$4500 | ||
|---|---|---|---|
| 001 | 0027561 | ||
| 005 | 20230929124831.3 | ||
| 041 | 0 | |a eng | |
| 044 | |a CZ | ||
| 245 | 1 | 0 | |a TransCOVER - training and guidance modules (methodology and presentation) |c Vojtěch Malátek, Jiří Mezuláník, Ivo Veselý |
| 610 | 2 | 0 | |a projekty |
| 610 | 2 | 0 | |a metodológia |
| 610 | 2 | 0 | |a TransCOVER |
| 610 | 2 | 0 | |a reštrukturalizácia |
| 610 | 2 | 0 | |a baníctvo |
| 610 | 2 | 0 | |a Česko |
| 610 | 2 | 0 | |a transformácia |
| 610 | 2 | 0 | |a regióny |
| 610 | 2 | 0 | |a politika regionálna |
| 100 | 1 | |a Malátek, Vojtěch | |
| 700 | 1 | |a Mezuláník, Jiří | |
| 700 | 1 | |a Veselý, Ivo | |